000 00378nam a22001457a 4500
003 MACL
005 20191016154141.0
008 170513b xxu||||| |||| 00| 0 eng d
040 _cMACL
100 _a De B
_967136
245 _aThe Tabaqat - I -Akbari of Khwajah Nizamiddin Ahmad
260 _aKolkata
_bThe Asiatic Society
_c2015
650 _aHistory
_967137
942 _2ddc
_cBK
999 _c56327
_d56327